000 00613nam a2200253Ia 4500
005 20260121155503.0
008 008 260114s9999 xx 000 0 eng d
020 _a9780367138448
037 _aEBOOK
040 _aCRL
040 _beng
040 _cCRL
041 _2eng
041 _aeng
084 _qCRL
100 _a Uro? ?voro
_91020098
245 0 _aPost-Conflict Monuments in Bosnia and Herzegovina
260 _bTaylor and Francis
260 _c2020
856 _uhttp://www.taylorfrancis.com/books/9780367138448
942 _cEBOOK
999 _c1586917
_d1586917